[Event "Chigorin Memorial"]
[Site "St Petersburg RUS"]
[Date "2012.10.27"]
[Round "1.126"]
[White "Sladkov,Andrey"]
[Black "Tsydypov,Z"]
[Result "0-1"]
[WhiteElo "1876"]
[BlackElo "2338"]

1.e4 d6 2.d4 Nf6 3.Nc3 c6 4.Nf3 Qa5 5.Bd2 Qc7 6.Be2 e5 7.dxe5 dxe5 8.O-O b5
9.a3 Be7 10.h3 O-O 11.Nh2 Rd8 12.Qc1 Nbd7 13.Ng4 Nc5 14.Nxf6+ Bxf6 15.Bg5 Bxg5
16.Qxg5 Ne6 17.Qe3 Nd4 18.Rac1 a5 19.Bd3 Be6 20.Rcd1 Qb6 21.Ne2 c5 22.c3 c4
23.Bb1 Nxe2+ 24.Qxe2 b4 25.Rxd8+ Rxd8 26.axb4 axb4 27.cxb4 Qxb4 28.Rd1 Rd4
29.Ba2 Qa4 30.Rxd4 exd4 31.Bb1 Qa1 32.Qc2 d3 33.Qc1 c3  0-1

[Event "Chigorin Memorial"]
[Site "St Petersburg RUS"]
[Date "2012.10.27"]
[Round "1.122"]
[White "Chernov,Maksim"]
[Black "Dmitriev,Ig"]
[Result "1/2-1/2"]
[WhiteElo "1895"]
[BlackElo "2340"]

1.e4 d6 2.d4 Nf6 3.Nc3 c6 4.f4 Qa5 5.Bd3 e5 6.Nf3 Bg4 7.fxe5 dxe5 8.dxe5 Nfd7
9.Bf4 Nxe5 10.Bxe5 Bxf3 11.Qxf3 Qxe5 12.Bc4 f6 13.O-O-O Nd7 14.Bf7+ Kxf7
15.Rxd7+ Be7 16.Rxb7 Rhb8 17.Rxb8 Rxb8 18.Na4 Qd4 19.Nc3 Qe5 20.Qf5 Qxf5
21.exf5 Bd6 22.g3 Be5 23.Na4 h5 24.Rd1 Ke7 25.c3 h4 26.Nc5 Rb5 27.b4 hxg3
28.hxg3 Bxc3 29.Rd7+ Ke8 30.Rxa7 Rxb4 31.Ne6 Be5 32.Rxg7 Rb2 33.a4 Ra2 34.Ra7 Bxg3
35.Kb1 Rd2 36.a5 Rd7 37.Ra8+ Ke7 38.Kc2 Kd6 39.a6 Bf2 40.Rd8 Rxd8 41.Nxd8 Kc7
42.Ne6+ Kb6 43.Nd8 c5 44.Kd3 Kxa6 45.Kc4 Kb6 46.Kd5 Kb5 47.Nb7 Kb4 48.Nd6 Be3
49.Nc4 Bd4 50.Nd6 Be5 51.Nc4 Bg3 52.Nb2 Kb3 53.Nc4 Bf2 54.Nd2+ Kb4 55.Nc4 Kc3
56.Nd6 Kd3 57.Ne4 Bd4 58.Nxf6  1/2-1/2

[Event "TCh-CZE Div1 Zapad 2012-13"]
[Site "Czech Republic CZE"]
[Date "2012.10.28"]
[Round "1.1"]
[White "Simek,P2"]
[Black "Pribyl,Jo"]
[Result "1-0"]
[WhiteElo "2347"]
[BlackElo "2314"]

1.e4 d6 2.d4 Nf6 3.Nc3 e5 4.Nge2 c6 5.a4 Nbd7 6.g3 b6 7.Bg2 Be7 8.O-O O-O
9.h3 Bb7 10.Be3 a6 11.g4 b5 12.Ng3 b4 13.Nce2 d5 14.dxe5 Nxe5 15.Bd4 Ng6
16.e5 Nxg4 17.hxg4 c5 18.Be3 Nxe5 19.Nf4 Qd7 20.Nd3 Nxd3 21.cxd3 Rac8 22.Rc1 g6
23.b3 Bd6 24.Bh6 Rfe8 25.Qf3 Qe7 26.Bf4 Rc7 27.Rce1 Qxe1 28.Bxd6 Rd7 29.Rxe1 Rxe1+
30.Nf1 Rxd6 31.Qf4 Rd7 32.Kh2 Rb1 33.Qe5 Kf8 34.Ne3 Rxb3 35.Bxd5 Bxd5 36.Nxd5 Rxd5
37.Qxd5 Rc3 38.Qa8+ Kg7 39.Qxa6 Rc2 40.Kg3 Ra2 41.Qb5 Ra3 42.f3 h6 43.a5 b3
44.Qxc5 b2 45.Qe5+ Kh7 46.Qxb2 Rxa5 47.Qf6 Ra7 48.d4 Kg8 49.d5 Kf8 50.Qd8+ Kg7
51.d6  1-0

[Event "TCh-DEN XtraCon 2012-13"]
[Site "Denmark DEN"]
[Date "2012.10.28"]
[Round "2.3"]
[White "Lindfeldt,J"]
[Black "Skousen,N"]
[Result "1/2-1/2"]
[WhiteElo "2269"]
[BlackElo "2198"]

1.e4 d6 2.d4 Nf6 3.Nc3 c6 4.g3 Nbd7 5.Bg2 e5 6.Nf3 Be7 7.a4 a5 8.O-O O-O
9.Re1 Qc7 10.b3 Re8 11.Bb2 Bf8 12.Qd2 b6 13.Rad1 Bb7 14.h3 Rad8 15.Kh2 Rc8
16.Nh4 b5 17.Nf5 b4 18.Ne2 c5 19.dxe5 dxe5 20.c4 Nb8 21.Qg5 Nxe4 22.Bxe4 Bxe4
23.Ng1 f6 24.Qg4 Bxf5 25.Qxf5 Rcd8 26.Nf3 Nc6 27.Rd5 Nd4 28.Bxd4 Rxd5 29.cxd5 cxd4
30.Nxd4 Qc3 31.Re4 Qb2 32.Kg2 Qc3 33.Nc6 Qxb3 34.Qd7 Ra8 35.Qb7 Re8 36.Qd7 Ra8
37.Qb7 Re8 38.Qd7  1/2-1/2

[Event "TCh-DEN XtraCon 2012-13"]
[Site "Denmark DEN"]
[Date "2012.10.28"]
[Round "2.6"]
[White "Schmidt,Kr"]
[Black "Nielsen,PE1"]
[Result "1-0"]
[WhiteElo "2264"]
[BlackElo "2215"]

1.e4 d6 2.d4 Nf6 3.Nc3 e5 4.dxe5 dxe5 5.Qxd8+ Kxd8 6.Bg5 Bd6 7.Bc4 Be6 8.Bxe6 fxe6
9.f3 a6 10.Nge2 Ke7 11.O-O-O Nd7 12.Rd2 h6 13.Be3 Bc5 14.Nd1 b5 15.Bxc5+ Nxc5
16.Ne3 g5 17.Rhd1 Rad8 18.Rxd8 Rxd8 19.Rxd8 Kxd8 20.Kd2 Kd7 21.b4 Nb7 22.c4 c6
23.c5 Nd8 24.Nc1 Nf7 25.Nd3 Ke7 26.Ke2 Nd7 27.g3 Kf6 28.Ng2 h5 29.h4 gxh4
30.Nxh4 Nh8 31.Kf2 Nf7 32.Ke3 Kg5 33.Nf2 Nh6 34.Ng2 Nf8 35.Nh4 Ng6 36.Nxg6 Kxg6
37.Nd3 Kf6 38.Kf2 Nf7 39.Ke2 Kg5 40.Ke3 Kf6 41.f4 exf4+ 42.Nxf4 Ke5 43.Nxh5 Ng5
44.Nf4 Nf7 45.Nd3+ Kf6 46.Kf4 e5+ 47.Kg4 Kg6 48.Kh4 Kh6 49.g4 Kg6 50.g5 Nxg5
51.Nxe5+ Kf6 52.Ng4+ Kg6 53.Nf2 Nf3+ 54.Kg3 Nd4 55.Nd3 Kf6 56.Kf2 Nc2 57.Ke2 Nd4+
58.Kd2 Ke6 59.Ne1 Kf6 60.Ke3 Ne6 61.Nf3 Nd8 62.a3 Ke6 63.Kf4 Nb7 64.Ng5+ Kf6
65.e5+ Ke7 66.Kf5 a5 67.e6 a4 68.Nf3 Nd8 69.Nd4 Kf8 70.Kf6 Ke8 71.Nf5  1-0

[Event "TCh-SVK Extraliga 2012-13"]
[Site "Slovakia SVK"]
[Date "2012.10.28"]
[Round "2.1"]
[White "Ondrus,M"]
[Black "Jurcik,Mart"]
[Result "1/2-1/2"]
[WhiteElo "2315"]
[BlackElo "2362"]

1.e4 d6 2.d4 Nf6 3.Nc3 e5 4.Nf3 Nbd7 5.Bc4 Be7 6.O-O O-O 7.Re1 c6 8.a4 a5
9.h3 Nb6 10.Ba2 Nfd7 11.Be3 exd4 12.Qxd4 Nc5 13.Rad1 Be6 14.Bxe6 fxe6 15.b3 Qe8
16.e5 d5 17.Qg4 Nbd7 18.Ne2 Qf7 19.Ng3 Kh8 20.Rd4 Rae8 21.Re2 Bd8  1/2-1/2

[Event "Chigorin Memorial"]
[Site "St Petersburg RUS"]
[Date "2012.10.28"]
[Round "2.155"]
[White "Gogolev,A"]
[Black "Petrushev.,Nikita"]
[Result "1-0"]
[WhiteElo "2090"]
[BlackElo "1738"]

1.d4 d6 2.e4 Nf6 3.Nc3 Nbd7 4.g3 e5 5.Nge2 Be7 6.Bg2 c6 7.O-O Qc7 8.h3 a5
9.a4 O-O 10.f4 Re8 11.g4 Bf8 12.Be3 g6 13.Ng3 exd4 14.Bxd4 Rd8 15.f5 d5 16.Qf3 dxe4
17.Ngxe4 Nxe4 18.fxg6 Nef6 19.gxh7+ Kxh7 20.Ne4 Bg7 21.Nxf6+ Nxf6 22.Bxf6 Rd6
23.Bxg7 Kxg7 24.Rae1 Be6 25.Qf6+ Kg8 26.Re5 Rad8 27.Rh5  1-0

[Event "7th Deizisau Autumn"]
[Site "Deizisau GER"]
[Date "2012.10.29"]
[Round "6.3"]
[White "Pogorelow,E"]
[Black "Neyman,I"]
[Result "1-0"]
[WhiteElo "2219"]
[BlackElo "2322"]

1.e4 d6 2.d4 Nf6 3.Nc3 e5 4.dxe5 dxe5 5.Qxd8+ Kxd8 6.Bc4 Ke8 7.Nf3 Bd6 8.Bg5 Nbd7
9.O-O-O a6 10.Rhe1 h6 11.Bd2 b6 12.Nd5 Bb7 13.Bc3 Rd8 14.Nxf6+ gxf6 15.Nh4 Nc5
16.f3 b5 17.Bf1 Bc8 18.Bd2 Nb7 19.g3 Bc5 20.Nf5 Nd6 21.Bd3 h5 22.Ba5 Nxf5
23.exf5 Bd6 24.Be4 Ke7 25.Rd3 Bd7 26.Red1 b4 27.c3 bxc3 28.Rxc3 Rc8 29.Rd2 Bb5
30.Bb7 c5 31.Bxc8 Rxc8 32.b3 Bf1 33.Kd1 Rc6 34.Rdc2 Bh3 35.b4 Bxf5 36.Rc1 Ke6
37.bxc5 Bf8 38.Ke2 Bh6 39.Rd1 e4 40.Rd8 exf3+ 41.Kxf3 Ke5 42.Rc4 Bg4+ 43.Kf2 Be6
44.Rc2 f5 45.Bc3+  1-0

[Event "Chigorin Memorial"]
[Site "St Petersburg RUS"]
[Date "2012.10.29"]
[Round "3.46"]
[White "Solak,D"]
[Black "Dmitriev,Ig"]
[Result "1-0"]
[WhiteElo "2590"]
[BlackElo "2340"]

1.e4 d6 2.d4 Nf6 3.Nc3 c6 4.f4 Qa5 5.Bd3 e5 6.Nf3 Bg4 7.Be3 d5 8.Bd2 dxe4
9.Nxe4 Qb6 10.fxe5 Nxe4 11.Bxe4 Bxf3 12.Qxf3 Qxd4 13.O-O-O Be7 14.Bc3 Qc4
15.Qg4 Qe6 16.Qxg7 Rf8 17.Kb1 Nd7 18.Qxh7  1-0

[Event "Chigorin Memorial"]
[Site "St Petersburg RUS"]
[Date "2012.10.29"]
[Round "3.113"]
[White "Chuprova,Irina"]
[Black "Zalkind,K"]
[Result "0-1"]
[WhiteElo "1945"]
[BlackElo "2232"]

1.e4 d6 2.d4 Nf6 3.Nc3 e5 4.Nf3 Nbd7 5.Bc4 Be7 6.O-O O-O 7.a4 c6 8.Re1 b6
9.d5 Bb7 10.b3 Nc5 11.Ba3 cxd5 12.Bxd5 Nxd5 13.Nxd5 Rc8 14.Rb1 f5 15.exf5 Rxf5
16.c4 Bf8 17.b4 Ne6 18.Qd3 Rf7 19.Red1 Nf4 20.Qe4 Qd7 21.Ng5 Rf5 22.h4 h6
23.g4 Rxg5 24.hxg5 Qxg4+ 25.Kf1 Qh3+ 26.Ke1 Bxd5 27.cxd5 Qxa3 28.g6 Be7 29.Kf1 Qh3+
30.Ke1 Bh4 31.Rd2 Rc3  0-1

[Event "Chigorin Memorial"]
[Site "St Petersburg RUS"]
[Date "2012.10.30"]
[Round "4.57"]
[White "Can,E"]
[Black "Suleymanyants,O"]
[Result "1-0"]
[WhiteElo "2449"]
[BlackElo "2227"]

1.e4 d6 2.d4 Nf6 3.Nc3 e5 4.Nf3 Nc6 5.Bb5 exd4 6.Nxd4 Bd7 7.Bxc6 bxc6 8.Qf3 Rb8
9.b3 Be7 10.h3 O-O 11.O-O Re8 12.Rd1 Qc8 13.Bf4 c5 14.Nde2 Bc6 15.Ng3 Bf8
16.Bg5 Nd7 17.Nd5 Bxd5 18.Rxd5 c4 19.Nf5 Nc5 20.Re1 Qe6 21.Rd4 Qg6 22.Bd2 Re5
23.Nh4 Qf6 24.Qxf6 gxf6 25.b4 Ne6 26.Rxc4 d5 27.exd5 Rxd5 28.Bc3 f5 29.g4 Ng5
30.Kg2 fxg4 31.hxg4 c5 32.bxc5 Rxc5 33.Rxc5 Bxc5 34.Nf5 Ne6 35.Rd1 Rc8 36.Be5 Bf8
37.c3 Rc5 38.Bd4 Ra5 39.Rd2 h5 40.f3 hxg4 41.fxg4 Ra4 42.Kf3 Ba3 43.Rh2 Nxd4+
44.cxd4 f6 45.Rc2 Kf7 46.Rc7+ Ke8 47.d5 Ra6 48.Rc6 Ra5 49.d6 Bb2 50.Rc8+ Kd7
51.Rc7+ Kd8 52.Ne7 Ra3+ 53.Ke2 Rc3 54.Nc6+ Rxc6 55.Rxc6 Kd7 56.Rc7+ Kxd6
57.Rxa7 Ke5 58.Kf3 Bc3 59.Rb7 Ke6 60.Ke4  1-0

[Event "Chigorin Memorial"]
[Site "St Petersburg RUS"]
[Date "2012.11.01"]
[Round "6.113"]
[White "Androsov,S"]
[Black "Suleymanyants,O"]
[Result "1/2-1/2"]
[WhiteElo "2081"]
[BlackElo "2227"]

1.e4 d6 2.d4 Nf6 3.Nc3 e5 4.dxe5 dxe5 5.Qxd8+ Kxd8 6.Bg5 Be6 7.Nf3 Nd7 8.O-O-O Kc8
9.a3 c6 10.Bh4 Bc5 11.h3 b5 12.Bg3 Nh5 13.Bxe5 Bxf2 14.g4 Ng3 15.Bxg3 Bxg3
16.Nd4 Kc7 17.Nxe6+ fxe6 18.Bg2 Be5 19.Ne2 a5 20.Nd4 Nc5 21.Rhf1 Rhf8 22.Rxf8 Rxf8
23.b4 Bxd4 24.Rxd4 e5 25.Rd2 axb4 26.axb4 Ne6 27.c3 Nf4 28.Bf1 g5 29.Kc2 Rh8
30.c4 bxc4 31.Kc3 Ra8 32.Bxc4 Ra1 33.b5 Rc1+ 34.Kb4 Rb1+ 35.Kc5 cxb5 36.Bxb5 Ne6+
37.Kd5 Nd4 38.Be2 Re1 39.Bd1 Re3 40.Kxe5 Nc6+ 41.Kf5 Rxh3 42.Kxg5 Ne5 43.Kf6 Nd7+
44.Ke7 Nc5 45.Rc2 Kb6 46.Re2 Rh1 47.Rb2+ Kc7 48.Bf3 Rf1 49.Rc2 Kb6 50.Be2 Rf4
51.e5 Re4 52.Kf6 Nd7+ 53.Ke6 Nxe5 54.Kf5 Re3 55.Kf4 Nxg4 56.Bxg4 Rb3 57.Rh2 Kc5
58.Rxh7 Rd3 59.Bf5 Rd4+ 60.Be4 Rc4 61.Ke5 Rc3 62.Rc7+ Kb4 63.Rb7+ Kc5 64.Rb1 Kc4
65.Bd5+ Kc5 66.Rb8 Re3+ 67.Kf4 Rd3 68.Ke4 Rd4+  1/2-1/2

[Event "TCh-NOR Eliteserien 2012-13"]
[Site "Haraldsheim NOR"]
[Date "2012.11.02"]
[Round "4"]
[White "Sahl,Bj"]
[Black "Harestad,H"]
[Result "1/2-1/2"]
[WhiteElo "2355"]
[BlackElo "2286"]

1.e4 d6 2.d4 Nf6 3.Nc3 e5 4.Nf3 Nbd7 5.Bc4 Be7 6.O-O O-O 7.Re1 c6 8.Bf1 Re8
9.h3 Bf8 10.a3 b5 11.Bg5 Qb6 12.Be3 Qc7 13.Nd2 a6 14.Qf3 exd4 15.Bxd4 c5
16.Be3 Bb7 17.Bf4 Ne5 18.Qd1 Bc6 19.Bg5 Ned7 20.Bf4 Qb7 21.Nb3 Nxe4 22.Nxe4 Bxe4
23.Bxd6 Bxc2 24.Qxc2 Bxd6 25.Bd3 Nf6 26.Nxc5 Qc7 27.Ne4 Nxe4 28.Qxc7 Bxc7
29.Bxe4 Rad8 30.Bb7 Be5 31.Bxa6 Bxb2 32.Rxe8+ Rxe8 33.Ra2 Re1+ 34.Kh2 Re2
35.f4 Rd2 36.Bxb5 Be5 37.Rxd2 Bxf4+ 38.Kg1 Bxd2 39.Kf2 Kf8 40.Ke2 Ba5 41.Kd3 Ke7
42.Kc4 Kd6 43.Be8 f5 44.Kb5 Bd8 45.a4 f4 46.a5 f3 47.gxf3 Kc7 48.a6  1/2-1/2

[Event "Chigorin Memorial"]
[Site "St Petersburg RUS"]
[Date "2012.11.02"]
[Round "7.98"]
[White "Kazakov,Maksym"]
[Black "Zalkind,K"]
[Result "1/2-1/2"]
[WhiteElo "2015"]
[BlackElo "2232"]

1.e4 d6 2.d4 Nf6 3.Nc3 e5 4.dxe5 dxe5 5.Qxd8+ Kxd8 6.Bc4 Be6 7.Bxe6 fxe6
8.Nf3 Bd6 9.Bg5 Nc6 10.O-O-O a6 11.Nd2 Ke7 12.Nc4 b5 13.Nxd6 cxd6 14.f4 Rac8
15.fxe5 Nxe5 16.Bf4 Rc5 17.Bxe5 Rxe5 18.Rd4 Rc8 19.Rhd1 Rc6 20.a4 bxa4 21.Rxa4 Nd7
22.Rb4 Rec5 23.Rb7 Rc4 24.Rf1 Rc7 25.Rxc7 Rxc7 26.Kd2 Nf6 27.Ra1 Rc6 28.Ra5 h6
29.h3 Nd7 30.Ra1 Nc5 31.b3 Kf6 32.Rf1+ Ke7 33.Ra1 g5 34.Rf1 Nd7 35.Rf2 Ne5
36.Rf1 Ng6 37.Rf2 Rc8 38.Rf1 Nf4 39.Rf2 Ng6 40.Rf1 Ne5 41.Ra1  1/2-1/2

[Event "Venetian Autumn Masters 2012"]
[Site "Venice ITA"]
[Date "2012.11.02"]
[Round "2.1"]
[White "Ceschia,I"]
[Black "Bianchi,An"]
[Result "1-0"]
[WhiteElo "2298"]
[BlackElo "2148"]

1.e4 d6 2.d4 Nf6 3.Nc3 e5 4.Nf3 Nbd7 5.Bc4 Be7 6.O-O O-O 7.Re1 c6 8.a4 b6
9.b3 a6 10.Bb2 Qc7 11.h3 Bb7 12.Bd3 Rfe8 13.Qd2 b5 14.Ne2 c5 15.dxe5 Nxe5
16.Nxe5 dxe5 17.axb5 axb5 18.Ng3 c4 19.bxc4 bxc4 20.Bf1 Rxa1 21.Bxa1 Bc5
22.Bc3 h6 23.Qe2 Bd4 24.Bxd4 exd4 25.Qxc4 Qxc4 26.Bxc4 Bxe4 27.Nxe4 Nxe4
28.Bd5 Nf6 29.Rxe8+ Nxe8 30.Kf1 Nc7 31.Bc4 Ne6 32.Bxe6 fxe6 33.Ke2 e5 34.Kd3 Kf7
35.Ke4 Ke6 36.f4 exf4 37.Kxd4 Kf5 38.c4 g5 39.c5 h5 40.c6 Ke6 41.Ke4  1-0

[Event "Venetian Autumn Masters 2012"]
[Site "Venice ITA"]
[Date "2012.11.02"]
[Round "3.2"]
[White "Basso,Pier Luigi"]
[Black "Pechy,A"]
[Result "1-0"]
[WhiteElo "2131"]
[BlackElo "2186"]

1.e4 d6 2.d4 Nf6 3.Nc3 e5 4.Nf3 Nbd7 5.Bc4 Be7 6.dxe5 dxe5 7.Ng5 O-O 8.Bxf7+ Rxf7
9.Ne6 Qe8 10.Nxc7 Qd8 11.Nxa8 b6 12.Nd5 Bd6 13.Bg5 Bb7 14.Naxb6 axb6 15.O-O h6
16.Nxf6+ Nxf6 17.Bxf6 Qxf6 18.Qe2 Qg6 19.f3 Qh5 20.Rad1 Bc5+ 21.Kh1 Rf4 22.Rd8+ Kh7
23.Qc4 Rf7 24.Rfd1 Bf2 25.R1d7 Bg3 26.h3 Rxd7 27.Qg8+ Kg6 28.Rxd7  1-0

[Event "1st Auburn Power Open"]
[Site "Auburn USA"]
[Date "2012.11.03"]
[Round "2"]
[White "Browne,W"]
[Black "Lazetich,Z"]
[Result "1-0"]
[WhiteElo "2453"]
[BlackElo "2166"]

1.e4 d6 2.d4 Nf6 3.Nc3 e5 4.dxe5 dxe5 5.Qxd8+ Kxd8 6.Bc4 Be6 7.Bxe6 fxe6
8.Be3 Nbd7 9.f3 Bd6 10.Ke2 a6 11.Nh3 Ke7 12.Nf2 Raf8 13.Nb1 Rhg8 14.Nd2 g5
15.g4 h5 16.h4 hxg4 17.hxg5 gxf3+ 18.Nxf3 Ne8 19.Ng4 Rh8 20.Nh6 Ng7 21.Nh4  1-0

[Event "TCh-NOR Eliteserien 2012-13"]
[Site "Haraldsheim NOR"]
[Date "2012.11.03"]
[Round "2"]
[White "Berg,E"]
[Black "Harestad,H"]
[Result "1/2-1/2"]
[WhiteElo "2574"]
[BlackElo "2286"]

1.e4 d6 2.d4 Nf6 3.Nc3 e5 4.Nf3 Nbd7 5.Bc4 Be7 6.O-O O-O 7.Re1 c6 8.a4 a5
9.Ba2 exd4 10.Nxd4 Nc5 11.Bf4 Qb6 12.Qd2 Be6 13.Nxe6 fxe6 14.e5 dxe5 15.Bxe5 Kh8
16.Qe2 Rad8 17.Bc4 Bd6 18.Bxd6 Rxd6 19.b3 Nd5 20.Qe5 Rd7 21.Re2 Nf4 22.Re3 Nd5
23.Bxd5 exd5 24.Rf3 Qd8 25.Rxf8+ Qxf8 26.Re1 Kg8  1/2-1/2

[Event "Chigorin Memorial"]
[Site "St Petersburg RUS"]
[Date "2012.11.03"]
[Round "8.128"]
[White "Shagdurov,D"]
[Black "Basencyan,M"]
[Result "1-0"]
[WhiteElo "1890"]
[BlackElo "2139"]

1.e4 d6 2.d4 Nf6 3.Nc3 e5 4.dxe5 dxe5 5.Qxd8+ Kxd8 6.Bg5 c6 7.O-O-O+ Ke8
8.Nf3 Nbd7 9.Be2 Bc5 10.Bh4 Bb6 11.h3 Bc7 12.Bg3 Ng8 13.Rd2 Ne7 14.Rhd1 Ng6
15.Bc4 f6 16.h4 h5 17.Bf7+ Kxf7 18.Rxd7+ Bxd7 19.Rxd7+ Ne7 20.Rxc7 b6 21.Rd7 Ke6
22.Rd2 Rhg8 23.b4 b5 24.Bxe5 a5 25.a3 axb4 26.axb4 g5 27.Bg3 gxh4 28.Rd6+ Kf7
29.Bxh4 Rxg2 30.Rxf6+ Kg7 31.Ne5 Ng6 32.Nxg6 Rxg6 33.Rf5 Rg1+ 34.Kd2 Rg4
35.Rxh5 Kg6 36.Rc5 Rxh4 37.Rxc6+ Kg5 38.Rc5+ Kf4 39.Rxb5 Rd8+ 40.Ke2 Rh3
41.Rf5+ Kg4 42.Nd5 Ra3 43.c4 Rb3 44.c5 Ra8 45.Nf6+ Kh3 46.Rf3+ Rxf3 47.Kxf3 Kh4
48.Kf4  1-0

[Event "TCh-HUN 2012-13"]
[Site "Mako HUN"]
[Date "2012.11.04"]
[Round "3"]
[White "Mihok,O"]
[Black "Popovic,Du"]
[Result "1/2-1/2"]
[WhiteElo "2435"]
[BlackElo "2583"]

1.e4 d6 2.d4 Nf6 3.Nc3 e5 4.Nf3 Nbd7 5.Bc4 Be7 6.O-O Nb6 7.Be2 exd4 8.Nxd4 O-O
9.f4 Re8 10.Bf3 c6 11.Kh1 Bf8 12.b3 Nbd7 13.Bb2 Nc5 14.Re1 Qc7 15.h3 a5 16.a4 Bd7
17.Qd2 Rad8 18.Rad1 Bc8 19.Qc1 Qb6 20.Re2 h6  1/2-1/2

[Event "4NCL 2012-13"]
[Site "Sunningdale ENG"]
[Date "2012.11.04"]
[Round "2.142"]
[White "Rendle,T"]
[Black "Mah,K"]
[Result "1-0"]
[WhiteElo "2381"]
[BlackElo "2415"]

1.e4 d6 2.d4 Nf6 3.Nc3 e5 4.dxe5 dxe5 5.Qxd8+ Kxd8 6.Bg5 Be6 7.g3 Bb4 8.O-O-O+ Ke8
9.Bxf6 gxf6 10.Nd5 Bxd5 11.Rxd5 c6 12.Rd1 Nd7 13.Bh3 Nb6 14.Nf3 Rd8 15.Nh4 Ba5
16.Nf5 Nc4 17.Rxd8+ Kxd8 18.Rd1+ Kc7 19.Bf1 b5 20.Bxc4 bxc4 21.c3 Bb6 22.Rd6 Bxf2
23.Rxf6 Rf8 24.Kc2 Kd7 25.Nh6 Be3 26.Ng4  1-0

[Event "US Chess League 2012"]
[Site "ICC INT"]
[Date "2012.11.05"]
[Round "10"]
[White "Mu,Joshua"]
[Black "Altounian,L"]
[Result "1/2-1/2"]
[WhiteElo "2185"]
[BlackElo "2438"]

1.e4 d6 2.d4 Nf6 3.Nc3 c6 4.f4 Qa5 5.Bd2 Qb6 6.Nf3 Bg4 7.e5 Nd5 8.Na4 Bxf3
9.Nxb6 Bxd1 10.Nxd5 cxd5 11.Rxd1 e6 12.Bb4 Nc6 13.Bb5 O-O-O 14.Bxc6 bxc6
15.exd6 Kd7 16.Kd2 Rb8 17.Ba3 Bxd6 18.Bxd6 Kxd6 19.b3 Rhc8 20.Rc1 c5 21.c3 a5
22.Kd3 a4 23.Rb1 Ra8 24.Rb2 axb3 25.axb3 Ra3 26.c4 Rb8 27.dxc5+ Kxc5 28.cxd5 exd5
29.Rc1+ Kd6 30.Rcb1 Rb4 31.g3 f5 32.Kc3 Kc5 33.Rc2 Rc4+ 34.Kd3 Kb4 35.Re2 Re4
36.Rc2 Ra7 37.Rc8 Ra2 38.Rc7 Rxh2 39.Rxg7 Rhe2 40.Rh1 R2e3+ 41.Kd2 Re2+ 42.Kd3 R2e3+
43.Kd2 Re2+ 44.Kd3  1/2-1/2

[Event "Subzonal 2.3 2012"]
[Site "Pamplona COL"]
[Date "2012.11.06"]
[Round "3.17"]
[White "Nunez V,D"]
[Black "Portnoy Cruz,I"]
[Result "0-1"]
[WhiteElo "2242"]
[BlackElo "2092"]

1.e4 d6 2.d4 Nf6 3.Nc3 e5 4.Nf3 Nbd7 5.g3 Be7 6.Bg2 O-O 7.O-O b6 8.Re1 Bb7
9.a4 a6 10.h3 c5 11.d5 Ne8 12.g4 Kh8 13.Ne2 Ndf6 14.Ng3 g6 15.Bf1 Ng8 16.Bd3 Ng7
17.c4 Bc8 18.Qc2 Bd7 19.Nh2 Qc8 20.f4 Bh4 21.Qg2 f5 22.fxe5 f4 23.Bxf4 Rxf4
24.exd6 Nh5 25.Nhf1 Nxg3 26.Nxg3 Qf8 27.Re3 Re8 28.e5 Qxd6 29.Rae1 Qf8 30.b3 Bc8
31.R1e2 Qg7 32.Nf1 Ref8 33.Ng3 Bb7 34.Kh2 Nh6 35.a5 Nf7 36.axb6 Ng5 37.Be4 Qxe5
38.Bxg6 Qxe3 39.Rxe3 hxg6 40.Qb2+ Kg8 41.Nh1 Bf2 42.Re7 Bd4 43.Qc2 Nf3+ 44.Kg3 R4f6
45.Qe2 Ng1 46.Qe4 Rxb6 47.Qc2 Rf3+ 48.Kg2 Rfxb3 49.Qe4 Rb2+ 50.Kg3 R6b3+
51.Kf4 Nxh3+  0-1

[Event "119th ch-SCO 2012"]
[Site "Glasgow SCO"]
[Date "2012.11.07"]
[Round "5"]
[White "Rysbayeva,A"]
[Black "Marks,I"]
[Result "0-1"]
[WhiteElo "2175"]
[BlackElo "1914"]

1.e4 d6 2.d4 Nf6 3.Nc3 c6 4.Nf3 Bg4 5.h3 Bh5 6.a4 e6 7.Bd3 d5 8.exd5 exd5
9.Bf4 Be7 10.O-O O-O 11.g4 Bg6 12.Ne5 Nbd7 13.Nxg6 hxg6 14.Ne2 Nh7 15.Kg2 Bg5
16.Bh2 Be7 17.f4 g5 18.fxg5 Nxg5 19.Ng3 g6 20.h4 Ne6 21.h5 Kg7 22.hxg6 fxg6
23.Bxg6 Kxg6 24.Qd3+ Kg7 25.Nf5+ Kg8 26.Qe3 Rf6 27.g5 Rg6 28.Nh6+ Rxh6 29.gxh6 Ng5
30.Rae1 Ne4 31.Qf3 Bf6 32.c3 Qe7 33.Kh1 Kh8 34.Re2 Rf8 35.Qg2 Bh4 36.Rxf8+ Qxf8
37.Be5+ Nxe5 38.Qg7+ Qxg7 39.hxg7+ Kxg7 40.Rh2 Nf3 41.Rg2+ Ng3+  0-1

[Event "72nd ch-ITA 2012"]
[Site "Torino ITA"]
[Date "2012.11.07"]
[Round "8"]
[White "Bellini,F"]
[Black "Rombaldoni,D"]
[Result "0-1"]
[WhiteElo "2492"]
[BlackElo "2511"]

1.e4 d6 2.d4 Nf6 3.Nc3 e5 4.dxe5 dxe5 5.Qxd8+ Kxd8 6.Bc4 Ke8 7.Nf3 Bd6 8.Bg5 Nbd7
9.O-O-O a6 10.Rhe1 h6 11.Bd2 b5 12.Bf1 Bb7 13.a4 Nc5 14.axb5 axb5 15.Kb1 Nfxe4
16.Nxe4 Bxe4 17.b4 Bxf3 18.gxf3 Ne6 19.f4 exf4 20.Bc3 Ke7 21.Bxg7 Bxb4 22.Re4 Rhg8
23.Rxb4 Rxg7 24.Rxb5 Rg5 25.Rb4 Rg1 26.Be2 Rxd1+ 27.Bxd1 Rg8 28.Rb3 Rg2 29.Rh3 Ng5
30.Rxh6 Rg1 31.Kc1 Ne4 32.Rh5 Nxf2 33.Re5+ Kf6 34.Rd5 f3  0-1

[Event "WY BU14 2012"]
[Site "Maribor SLO"]
[Date "2012.11.08"]
[Round "1.33"]
[White "Savenkov,K"]
[Black "Drobnic,Milan"]
[Result "1/2-1/2"]
[WhiteElo "2162"]
[BlackElo "1765"]

1.e4 d6 2.d4 Nf6 3.Nc3 Nbd7 4.Nf3 e5 5.Bc4 Be7 6.h3 c6 7.a4 Qc7 8.Be3 b6
9.Qe2 Bb7 10.O-O O-O 11.Rad1 Rad8 12.Nh4 Nxe4 13.Nf5 Ndf6 14.Nxe4 Nxe4 15.Qg4 g6
16.Nh6+ Kg7 17.Qxe4 f5 18.Qf3 f4 19.dxe5 fxe3 20.Qxe3 d5 21.Bd3 Bc5 22.Qg5 Bc8
23.Rde1 Rde8 24.Re2 Qe7 25.Qxe7+ Rxe7 26.Ng4 Bxg4 27.hxg4 Bd4 28.c3 Bxe5
29.Rfe1 Rfe8 30.f4 Bd6 31.Rxe7+ Rxe7 32.Rxe7+ Bxe7 33.Kf2 h6 34.Kf3 g5 35.g3 Kf6
36.Bf5 c5 37.Bc8 d4 38.cxd4 cxd4 39.Ke4 Bc5 40.Ba6 Bd6 41.b3 Bc5 42.Kd3 Bd6
43.Kxd4 gxf4 44.gxf4 Bxf4 45.Kd5 Kg5 46.Be2 a5 47.Kc4  1/2-1/2

[Event "WY BU14 2012"]
[Site "Maribor SLO"]
[Date "2012.11.08"]
[Round "1.65"]
[White "Abbas,Daniel"]
[Black "Kodric,Tilen"]
[Result "1-0"]
[WhiteElo "2016"]
[BlackElo "1497"]

1.e4 d6 2.d4 Nf6 3.Nc3 e5 4.Nge2 Nbd7 5.g3 g6 6.Bg2 Bg7 7.O-O O-O 8.h3 Ne8
9.f4 f5 10.fxe5 dxe5 11.exf5 Rxf5 12.Rxf5 gxf5 13.dxe5 Bxe5 14.Bf4 Qe7 15.Qd5+ Kh8
16.Rd1 Nef6 17.Bxe5 Nxe5 18.Qd8+ Qxd8 19.Rxd8+ Kg7 20.Nd4 Kg6 21.Nd5 Nxd5
22.Bxd5 c5 23.Nb5 Nc6 24.Bxc6 bxc6 25.Nd6 Rb8 26.Rxc8 Rxb2 27.Rxc6 Rxc2 28.Nb7+ Kg5
29.Nd8 Rc1+ 30.Kf2 Rc2+ 31.Ke1 f4 32.Rxc5+ Rxc5 33.Ne6+ Kf5 34.Nxc5 fxg3
35.Kf1 Kg5 36.Kg2 Kf4 37.a4 h5 38.Nb3 h4 39.Na5 Ke4 40.Nc6 a6 41.Nb4 Kd4
42.Nxa6 Kc4 43.Kf3 Kb3 44.Nc5+ Kb4 45.Ne4 Kxa4 46.Nxg3 Kb5 47.Nf5 Kc6 48.Kg4 Kd7
49.Kg5 Ke8 50.Nxh4 Kf7 51.Nf5 Kg8 52.Kg6  1-0

[Event "WY BU18 2012"]
[Site "Maribor SLO"]
[Date "2012.11.08"]
[Round "1.42"]
[White "Druska,J"]
[Black "Lucovnik,Tilen"]
[Result "1-0"]
[WhiteElo "2310"]
[BlackElo "1883"]

1.e4 d6 2.d4 Nf6 3.Nc3 e5 4.Nf3 Nbd7 5.Bc4 Be7 6.O-O O-O 7.Re1 c6 8.a4 a5
9.b3 exd4 10.Nxd4 Nc5 11.Ba3 g6 12.h3 Nfd7 13.Qd2 Ne5 14.Bf1 Qc7 15.Rad1 Rd8
16.Kh1 Ned7 17.Ndb5 Qb8 18.Nxd6 Bxd6 19.Qxd6 Qxd6 20.Rxd6 Re8 21.f3 Ne6 22.Red1 Nf6
23.g3 Nh5 24.Kh2 Nhg7 25.R1d2 Ng5 26.Rf2 h5 27.h4 Nh7 28.Rfd2 Be6 29.Nd1 Nf8
30.Ne3 Rac8 31.Nc4 Bxc4 32.Bxc4 Nge6 33.Kg2 Red8 34.Bxe6 Nxe6 35.Rxd8+ Rxd8
36.Rxd8+ Nxd8 37.Bc5 b5 38.Kf2 f5 39.exf5 gxf5 40.Bb6 Nb7 41.Ke3 bxa4 42.bxa4 Kf7
43.Kf4 Kf6 44.c3 Nd6 45.Bxa5 Nc4 46.Bd8+  1-0

[Event "WY GU18 2012"]
[Site "Maribor SLO"]
[Date "2012.11.08"]
[Round "1.35"]
[White "Lee,Melissa"]
[Black "Nonkovic,B"]
[Result "0-1"]
[WhiteElo "1565"]
[BlackElo "2024"]

1.e4 d6 2.d4 Nf6 3.Nc3 e5 4.dxe5 dxe5 5.Qxd8+ Kxd8 6.f3 c6 7.Be3 Nbd7 8.Bd3 Bc5
9.Bxc5 Nxc5 10.a4 a5 11.Nge2 Ke7 12.Kf2 Nfd7 13.Ng3 g6 14.Rhe1 Nxd3+ 15.cxd3 Nc5
16.Rad1 Rd8 17.Re3 Be6 18.Ke2 Rd4 19.Nf1 Nxa4 20.Nxa4 Rxa4 21.g3 Ra2 22.Rd2 a4
23.f4 Bg4+ 24.Kf2 Ra6  0-1

[Event "TCh-ESP CECLUB Div Honor 2012"]
[Site "Leon ESP"]
[Date "2012.11.09"]
[Round "5.3"]
[White "Sanchez Ibern,M"]
[Black "Garcia Ortega Mendez,J"]
[Result "1/2-1/2"]
[WhiteElo "2332"]
[BlackElo "2307"]

1.e4 d6 2.d4 Nf6 3.Nc3 e5 4.Nf3 Nbd7 5.Bc4 Be7 6.O-O O-O 7.Re1 a6 8.a4 b6
9.b3 c6 10.Bb2 Qc7 11.Bd3 Re8 12.Ne2 Bf8 13.Ng3 g6 14.c4 c5 15.dxe5 dxe5
16.a5 Bb7 17.axb6 Nxb6 18.Qb1 Nbd7 19.Ne2 Nb8 20.Nc3 Nc6 21.Nd5 Qd6 22.Bc3 Nd7
23.Nd2 Nd4 24.Ba5 Rec8 25.Bc3 Re8 26.Ba5 Rec8 27.Bc3  1/2-1/2

[Event "WY BU18 2012"]
[Site "Maribor SLO"]
[Date "2012.11.09"]
[Round "2.12"]
[White "Narayanan,Sri"]
[Black "Abhilash,R"]
[Result "1-0"]
[WhiteElo "2438"]
[BlackElo "2269"]

1.e4 d6 2.d4 Nf6 3.Nc3 Nbd7 4.Nf3 e5 5.Bc4 Be7 6.O-O O-O 7.a4 a5 8.Re1 c6
9.b3 Qc7 10.h3 Nb6 11.Bd3 Re8 12.Bb2 Bf8 13.Ne2 c5 14.dxe5 dxe5 15.c4 Bd7
16.Nc3 Rad8 17.Qc2 Bc6 18.Nd5 Bxd5 19.cxd5 Bd6 20.Bb5 Nfd7 21.Nh4 Nc8 22.Nf5 Na7
23.Bd3 Bf8 24.Qc3 b6 25.h4 g6 26.Ne3 Be7 27.g3 Bf6 28.h5 Qd6 29.Bf1 Nc8 30.Bh3 Bg7
31.Rad1 Qc7 32.d6 Nxd6 33.Nd5 Qb8 34.h6 Bh8 35.Qf3 f6 36.Bxd7 Rxd7 37.Nxf6+ Bxf6
38.Qxf6 Nxe4 39.Qc6 Rxd1 40.Rxd1  1-0